|
|
|
|
| LEADER |
00936nam a2200241 a 4500 |
| 001 |
c000299892 |
| 003 |
CARM |
| 005 |
20061111034951.0 |
| 008 |
891027s1916 nyua 001 0 eng d |
| 019 |
1 |
|
|a 7365869
|5 LACONCORD2021
|
| 035 |
|
|
|a (OCoLC)154647889
|5 LACONCORD2021
|
| 082 |
0 |
4 |
|a 622
|2 20
|
| 245 |
1 |
0 |
|a Details of practical mining :
|b compiled from the Engineering and Mining Journal /
|c by the Editorial staff.
|
| 250 |
|
|
|a 1st ed.
|
| 260 |
|
|
|a New York :
|b McGraw-Hill ;
|a London :
|b Hill Publishing,
|c c1916.
|
| 300 |
|
|
|a xii, 544 p. :
|b ill ;
|c 24 cm.
|
| 500 |
|
|
|a Includes index.
|
| 650 |
|
0 |
|a Mining engineering.
|
| 650 |
|
0 |
|a Mining machinery.
|
| 730 |
0 |
|
|a Engineering and mining journal.
|
| 852 |
8 |
|
|b CARM
|h A3:AD33B0
|i B11383
|p 0550893
|f BK
|
| 999 |
f |
f |
|i 6f8dc20c-13cc-5a13-8d99-c152c81be470
|s 76d66ebb-1e22-5390-9bf5-d1a45c9f2086
|
| 952 |
f |
f |
|p Can circulate
|a CAVAL
|b CAVAL
|c CAVAL
|d CARM 1 Store
|e B11383
|f A3:AD33B0
|h Other scheme
|i book
|m 0550893
|